| 000 | 00368nam a2200145Ia 4500 | ||
|---|---|---|---|
| 005 | 20250729165732.0 | ||
| 008 | 250729s2009 xx 000 0 und d | ||
| 041 | _aeng | ||
| 082 | _a370.15 DANG | ||
| 100 |
_aDandapani S _9231723 |
||
| 245 | _aGeneral Psychology | ||
| 260 |
_aNewdelhi _bNeelkamal Publication _c2009 |
||
| 300 | _a280p | ||
| 650 |
_aPsychology _9231724 |
||
| 999 |
_c239424 _d239424 |
||